Capitalismo global: el trasfondo económico de la historia del siglo XX
Guardado en:
| Autor principal: | |
|---|---|
| Formato: | Libro |
| Lenguaje: | español |
| Publicado: |
Barcelona
Crítica
2007
|
| Materias: | |
| Etiquetas: |
Agregar Etiqueta
Sin Etiquetas, Sea el primero en etiquetar este registro!
|
MARC
| LEADER | 00000nam a2200000 a 4500 | ||
|---|---|---|---|
| 001 | UCI2518 | ||
| 003 | CL-VaPUC | ||
| 008 | 070824e20070000SP |||||||||||||||||spa|d | ||
| 020 | |a 9788484328554 | ||
| 082 | 0 | 4 | |a 330.122 |b FRI |2 21 |
| 100 | 0 | |a Frieden, Jeffry A |e author |9 523522 | |
| 245 | 1 | 0 | |a Capitalismo global: el trasfondo económico de la historia del siglo XX |
| 300 | |a 726 p | ||
| 942 | |c BK | ||
| 945 | |d 20070824 00:00:00 |a jtorresc | ||
| 260 | |a Barcelona |b Crítica |c 2007 | ||
| 650 | 0 | |a Capitalismo |9 255255 | |
| 650 | 7 | |a DOCTRINAS ECONOMICAS |2 CL-VaPUC |9 346455 | |
| 650 | 0 | |a Política económica |9 255029 | |
| 650 | 7 | |a HISTORIA ECONOMICA SIGLO 20 |2 CL-VaPUC |9 437093 | |
| 583 | |a last modification |c 20160913 09:25:37 |k Rodrigo Vera | ||
| 999 | |c 327032 |d 327030 | ||
| 952 | |0 0 |1 0 |4 0 |6 330_122000000000000_FRI_2007 |7 0 |8 A |9 409405 |a BIBENE |b BIBENE |d 2019-11-22 |i 4367022 |l 1 |m 2 |o 330.122 FRI 2007 |p 4367022 |r 2025-01-15 |s 2023-05-23 |w 2019-11-22 |y BK |k ICO | ||
| 952 | |0 0 |1 0 |4 0 |6 330_122000000000000_FRI_2007 |7 0 |8 A |9 409406 |a BIBHIS |b BIBHIS |d 2019-11-22 |i 4730550 |l 7 |m 2 |o 330.122 FRI 2007 |p 4730550 |r 2025-01-20 |s 2024-10-29 |w 2019-11-22 |y BK |k HIS | ||
| 952 | |0 0 |1 0 |4 0 |6 330_122000000000000_FRI_2007 |7 0 |8 A |9 409407 |a BIBHIS |b BIBHIS |d 2019-11-22 |i 4730569 |l 8 |m 6 |o 330.122 FRI 2007 |p 4730569 |r 2025-03-17 |s 2025-03-10 |w 2019-11-22 |y BK |k HIS | ||